| 000 | 00511nam a22001937a 4500 | ||
|---|---|---|---|
| 005 | 20220517155747.0 | ||
| 008 | 220517b ||||| |||| 00| 0 eng d | ||
| 040 | _cAL | ||
| 041 | _aEnglish | ||
| 082 |
_223 _a954.040924 _bSINL |
||
| 100 |
_aK Natwar singh _937681 |
||
| 245 | _aLegacy of Nehru:a Memorial Tribute | ||
| 260 |
_aNew Delhi _bRupa.co _c2006 |
||
| 300 |
_a125 p. _bPB _c21x14 cm. |
||
| 365 |
_b₹ _c₹195.00 |
||
| 650 |
_aNehru _937682 |
||
| 700 |
_aSINGH (K Natwar) _937683 |
||
| 942 |
_2ddc _cGF |
||
| 999 |
_c222976 _d222976 |
||